Fundamentals of organic chemistry / (رقم التسجيلة. 38325)
[ عرض عادي ]
| 000 -الفاتح | |
|---|---|
| حقل البيانات ثابتة الطول | 00903cam a2200277 a 4500 |
| 001 - رقم الضبط | |
| رقم الضبط | 3071475 |
| 003 - محدد رقم الضبط | |
| رقم الضبط | OSt |
| 005 - وقت وتاريخ اخر تعامل مع التسجيلة | |
| رقم الضبط | 20151011183123.0 |
| 008 - عناصر البيانات ثابتة الطول - معلومات عامة | |
| حقل البيانات ثابتة الطول | 970711s2011 caua 001 0 eng |
| 010 ## - رقم ضبط مكتبة الكونجرس | |
| رقم ضبط مكتبة الكونجرس | 97027737 |
| 020 ## - الرقم الدولى المعيارى للكتب | |
| الرقم الدولى المعيارى للكتاب | 9781439049730 |
| 040 ## - مصدر الفهرسة | |
| وكالة الفهرسة الأصلية | DLC |
| وكالة النسخ | DLC |
| وكالة التعديل | DLC |
| 050 00 - رقم طلب مكتبة الكونجرس | |
| رقم التصنيف | QD251.2 |
| رقم المادة | .M4 1998 |
| 082 00 - رقم تصنيف ديوى العشرى | |
| رقم التصنيف | 547 |
| رقم الطبعة | 21 |
| رقم المادة | MJF |
| 100 1# - المدخل الرئيسى - إسم شخصى | |
| الإسم الشخصى | McMurry, John. |
| 9 (RLIN) | 51853 |
| 245 10 - بيان العنوان | |
| العنوان | Fundamentals of organic chemistry / |
| بيان المسئوليه,etc | John McMurry. |
| 250 ## - بيان الطبعة | |
| بيان الطبعة | 4th ed. |
| 260 ## - PUBLICATION, DISTRIBUTION, ETC. (IMPRINT) | |
| مكان الناشر او الموزع | Pacific Grove, CA : |
| اسم الناشر او الموزع | Brooks/Cole Pub. Co., |
| تاريخ النشر أو التوزيع | 2011 |
| 300 ## - الوصف المادى | |
| التعداد | xxii, 566, [50] p. : |
| تفاصيل ماديه اخرى للوعاء | ill. (some col.) ; |
| أبعاد الوعاء | 26 cm. |
| 500 ## - تبصرة عامة | |
| تبصرة عامة | A stereo viewer is bound into the back of the book. |
| 500 ## - تبصرة عامة | |
| تبصرة عامة | Includes index. |
| 650 #0 - المدخل الاضافى بالموضوع-مصطلح موضوعى | |
| مصطلح موضوعي أو اسم جغرافي كعنصر مدخل | Chemistry, Organic. |
| 9 (RLIN) | 51854 |
| 906 ## - عنصر بيانات محلى F, LDF (RLIN) | |
| a | 7 |
| b | cbc |
| c | orignew |
| d | 1 |
| e | ocip |
| f | 19 |
| g | y-gencatlg |
| 942 ## - عناصر المدخل الإضافي( كوها) | |
| مصدر التصنيف او مخطط الترفيف | Dewey Decimal Classification |
| Koha [default] item type | كتاب |
| حالة الفقد | نموذج السعر الفعال | حالة تلف | ليس للاعارة | رقم الطلب | تاريخ الاكتساب | الموقع الحالي | الباركود | الفرع الرئيسي | Date last seen | نوع المادة فى نظام كوها | مصدر التصنيف او خطة الترفيف | Total Checkouts |
|---|---|---|---|---|---|---|---|---|---|---|---|---|
| 2015-10-11 | 547 MJF | 2015-10-11 | المكتبة المركزية بالمجمعة (CL) | 00653812 | المكتبة المركزية بالمجمعة (CL) | 2015-10-11 | كتاب | Dewey Decimal Classification | ||||
| 2015-10-11 | 547 MJF | 2015-10-11 | المكتبة المركزية بالمجمعة (CL) | 00653813 | المكتبة المركزية بالمجمعة (CL) | 2015-10-11 | كتاب | Dewey Decimal Classification | ||||
| 2015-10-11 | 547 MJF | 2015-10-11 | المكتبة المركزية بالمجمعة (CL) | 00653814 | المكتبة المركزية بالمجمعة (CL) | 2015-10-11 | كتاب | Dewey Decimal Classification |
